| 000 | 005510000a22001810004500 | ||
|---|---|---|---|
| 003 | MACL | ||
| 005 | 20160204161644.0 | ||
| 008 | 160204b xxu||||| |||| 00| 0 eng d | ||
| 040 |
_aMACL _cMACL |
||
| 041 | _aHindi | ||
| 082 | _a020/SHA | ||
| 100 |
_aशर्मा चन्द्रकान्त _936905 |
||
| 245 | _aपुस्तक चयन एवं रचना | ||
| 260 |
_bसाहित्य भवन _c1975 _aइलाहाबाद |
||
| 350 | _a15 | ||
| 650 |
_aLibrary & Science _957 |
||
| 942 |
_cHIN _k020 _2ddc |
||
| 999 |
_c26906 _d26906 |
||